000 01216 a2200241 4500
005 20080905123038.0
008 080905t xxu||||| |||| 00| 0 hin d
010 _aHIN-79083
020 _c100.00
_a8186888101
035 _aHN-51430
037 _bD.B.Act /pub
082 _a
100 _aशुक्ल, उर्मिला
245 _aअपने-अपने मोर्चे पर
_cउर्मिला शुक्ल
_b(नारी उत्थान की कहानियों का अनूठा संग्रह)
246 _aApne Apne Morche Par
_bby Urmila Shukla
260 _aइलाहाबाद
_bविद्या साहित्य संस्थान
_c2005
270 _a155,बाई का बाग,त्रिवेणी रोड़
_bइलाहाबाद
_e211003
300 _a107पृ.
_c19सेमी (सजिल्द)
650 _aकहानियाँ
650 _aStories
942 _adpl
_cHN
_kक / शुक्लउ
_2ddc
_h
_mशुक्लउ
999 _c1211
_d1211